[Event "Mittelfranken Mitte-ch 9900"]
[Site "Zirndorf"]
[Date "2000.??.??"]
[Round "6"]
[White "Voeckler, Albert"]
[Black "Abberger, Johannes"]
[Result "1/2-1/2"]
[WhiteElo "1488"]
[BlackElo "1613"]
[PlyCount "61"]
[EventDate "2000.01.22"]
[EventType "swiss"]
[EventRounds "7"]
[EventCountry "GER"]
[SourceTitle "EXT 2015"]
[Source "ChessBase"]
[SourceDate "2014.11.20"]
[SourceVersion "1"]
[SourceVersionDate "2014.11.20"]
[SourceQuality "1"]

1. Nf3 d5 2. d4 Nc6 3. Bf4 e6 4. e3 Nf6 5. Nbd2 Be7 6. Bd3 0-0 7. c3 Re8 8. 0-0 b6 9. Qc2 Na5 10. Ne5 Nb7 11. Nc6 Qd7 12. Nxe7+ Qxe7 13. Nf3 c5 14. Be5 g6 15. Be2 c4 16. Nd2 Nd7 17. Bg3 e5 18. e4 exd4 19. cxd4 b5 20. e5 f6 21. f4 Nf8 22. Bh4 g5 23. fxg5 fxg5 24. Bg3 Ne6 25. Qc3 Bd7 26. Qe3 Rac8 27. Rac1 Na5 28. Bf3 Bc6 29. Bg4 Bd7 30. Nf3 h6 31. h4 1/2-1/2

[Event "Mittelfranken Mitte-ch 9900"]
[Site "Zirndorf"]
[Date "2000.??.??"]
[Round "1"]
[White "Voeckler, Albert"]
[Black "Diehl, Achim"]
[Result "0-1"]
[WhiteElo "1488"]
[BlackElo "1954"]
[PlyCount "74"]
[EventDate "2000.01.22"]
[EventType "swiss"]
[EventRounds "7"]
[EventCountry "GER"]
[SourceTitle "EXT 2015"]
[Source "ChessBase"]
[SourceDate "2014.11.20"]
[SourceVersion "1"]
[SourceVersionDate "2014.11.20"]
[SourceQuality "1"]

1. Nf3 c5 2. e4 Nc6 3. c3 d5 4. exd5 Qxd5 5. Be2 e5 6. d3 Bf5 7. 0-0 0-0-0 8. c4 Qd6 9. Nc3 a6 10. Ne4 Qd7 11. a3 Nf6 12. Be3 Nxe4 13. dxe4 Qxd1 14. Rfxd1 Rxd1+ 15. Rxd1 Bxe4 16. Ng5 Bg6 17. Bg4+ f5 18. Bh3 Be7 19. Ne6 Nd4 20. Nxg7 Rf8 21. Bxd4 cxd4 22. g4 f4 23. g5+ Kb8 24. f3 Bc2 25. Rd2 d3 26. Bf5 Bc5+ 27. Kg2 Be3 28. Rxd3 Rxf5 29. Nxf5 Bxd3 30. Nd6 Kc7 31. Nf7 Bd4 32. b3 e4 33. fxe4 Bxe4+ 34. Kf1 f3 35. g6 hxg6 36. Ng5 Bd3+ 37. Ke1 f2+ 0-1

[Event "Mittelfranken Mitte-ch 9900"]
[Site "Zirndorf"]
[Date "2000.??.??"]
[Round "3"]
[White "Voeckler, Albert"]
[Black "Forche, Peter"]
[Result "1-0"]
[WhiteElo "1488"]
[BlackElo "1276"]
[PlyCount "29"]
[EventDate "2000.01.22"]
[EventType "swiss"]
[EventRounds "7"]
[EventCountry "GER"]
[SourceTitle "EXT 2015"]
[Source "ChessBase"]
[SourceDate "2014.11.20"]
[SourceVersion "1"]
[SourceVersionDate "2014.11.20"]
[SourceQuality "1"]

1. Nf3 d5 2. d4 Nf6 3. Nc3 Nc6 4. Bf4 Bg4 5. Ne5 Nxe5 6. dxe5 Nh5 7. Be3 Be6 8. Bd4 f6 9. e3 fxe5 10. Qxh5+ Bf7 11. Qxe5 c6 12. Bd3 e6 13. Qg3 Qd7 14. 0-0 c5 15. Bb5 1-0